[Event "ESP-chT Honor Gp1 49th"]
[Site "Merida"]
[Date "2005.08.27"]
[Round "4"]
[White "Cifuentes Parada, Roberto"]
[Black "Perez Candelario, Manuel"]
[Result "1-0"]
[WhiteElo "2512"]
[BlackElo "2504"]
[Annotator "Cifuentes Parada,L"]
[PlyCount "81"]
[EventDate "2005.08.24"]
[EventType "team"]
[EventRounds "5"]
[EventCountry "ESP"]
[SourceTitle "CBM 109"]
[Source "ChessBase"]
[SourceDate "2005.11.14"]
[SourceVersion "1"]
[SourceVersionDate "2005.11.14"]
[SourceQuality "1"]

1. Nf3 d5 2. d4 Nf6 3. c4 e6 4. Nc3 c6 5. e3 Nbd7 6. Qc2 Bd6 7. b3 O-O 8. Be2
b6 9. Bb2 Bb7 10. O-O Rc8 $6 ({Preferible es} 10... Qe7) 11. e4 $1 {La
continuación más precisa del blanco.} ({Contra la natural} 11. Rad1 {el negro
tiene la posibilidad de jugar inmediatamente} c5 $1 {y no es fácil para el
blanco obtener ventaja, por ejemplo:} 12. cxd5 exd5 13. dxc5 bxc5 14. Nh4 g6
15. Nf3 Qe7 16. Rfe1 a6 17. h3 Rfd8 18. Bf1 Bb8 19. Ne2 Ne4 20. Nf4 Ndf6 21. g3
d4 22. Bg2 Qf8 23. Qc1 Re8 24. Qa1 Bxf4 25. exf4 a5 26. a3 Bd5 27. b4 axb4 28.
axb4 Bb3 29. Rc1 Nd5 30. bxc5 Ra8 31. Qb1 Nec3 32. Bxc3 Ba2 33. Qd3 dxc3 34.
Ne5 Qxc5 35. Bxd5 Bxd5 36. Rxc3 Qa5 37. Rec1 Be6 38. Ng4 Bxg4 39. hxg4 Rad8 40.
Qf3 Qd5 41. Kg2 Qxf3+ 42. Kxf3 h6 43. Rc6 Kg7 44. R1c3 Rd5 45. Re3 Red8 46.
Rcc3 R8d7 47. Kg2 Ra7 48. Re5 Rad7 49. Rce3 R5d6 50. f5 g5 51. Ra5 Kf6 52. Rea3
Kg7 53. Ra1 Rd4 54. Kh3 Rd2 55. Kg2 R2d4 56. R5a4 Rxa4 57. Rxa4 Rd3 58. Ra6 Rb3
{1/2-1/2 Kramnik,V (2780)-Kasparov,G (2815)/Moscow 1998/CBM 067 ext}) 11...
dxe4 12. Nxe4 Nxe4 13. Qxe4 Rc7 $6 {Aunque la idea es clara, efectuar el
avance c7-c5, la ubicación de la torre en c7 no deja de ser sospechosa.} ({
Quizás el negro deba intentar} 13... Re8 $5 14. Rad1 (14. Ne5 Nf6 15. Qh4 c5
16. Bf3 Bxf3 17. Nxf3 cxd4 18. Bxd4 e5 $11 19. Bb2 h6 20. Rad1 Qc7 21. Rfe1 Re6
22. Nd2 Be7 23. Qg3 Re8 24. Qf3 Bb4 25. a3 e4 26. Qh3 Bc5 27. Nf1 a5 28. Ne3
Qf4 29. Qg3 Nh5 30. Qh3 Qg5 31. Rd5 Nf4 32. Qxe6 Rxe6 33. Rxg5 hxg5 $15 34. a4
Nd3 35. Re2 Bxe3 36. fxe3 Nc5 37. Bd4 Nxb3 38. Rb2 Nxd4 39. exd4 e3 40. Kf1 Re4
41. c5 bxc5 42. dxc5 Rc4 43. Rb5 f5 44. c6 f4 45. Rxa5 g4 46. Rf5 g6 47. Re5
Rxc6 48. g3 Rc1+ 49. Ke2 f3+ {0-1 Vidarte Morales,A (2350)-Cifuentes Parada,R 
(2490)/Olot 1994/EXT 97}) 14... Qe7 (14... Bb8 $6 15. c5 $1) 15. Bd3 f5 16. Qe3
c5 17. d5 exd5 18. Qxe7 Rxe7 19. cxd5 g6 20. Rfe1 Rce8 $2 (20... Rxe1+ $142 21.
Rxe1 Bxd5 22. Rd1 Bxf3 23. gxf3 Be5 24. Bc4+ Kh8 25. Rxd7 Bxb2 26. Rxa7 Rd8 $11
) 21. Re6 $1 Rxe6 22. dxe6 Nf8 23. e7 $1 {1-0 Neverov,V-Trabert,B/Cannes 2002/
EXT 2003}) (13... Nf6 14. Qc2 {/\Pc4-c5} c5 15. dxc5 bxc5 (15... Bxc5 16. Ng5
Bd4 17. Rad1 e5 18. Bf3 $1) 16. Ng5 $1 e5 (16... g6 $2 17. Rad1 Ne8 18. Qc3 e5
19. f4 $16) 17. Rad1 Qe7 18. Bd3 h6 19. Ne4 $16 {xBd6,d5} Ne8 20. Rfe1 Bc7 21.
Ng3 Rd8 22. Be4 (22. f4 $1) 22... Bxe4 23. Qxe4 Nf6 24. Qe2 Ba5 25. Rxd8 Rxd8
26. Qxe5 Qxe5 27. Rxe5 Ng4 28. Re2 Rd1+ 29. Nf1 Nxh2 30. Kxh2 Rxf1 31. g3 Kf8
32. Kg2 Rd1 33. Kf3 f6 34. Ba3 Bb6 35. b4 Rd3+ 36. Re3 Rxe3+ 37. fxe3 cxb4 38.
Bxb4+ Kf7 39. g4 g6 40. e4 Ke6 41. Bc3 a6 42. Bd2 h5 43. gxh5 gxh5 44. Bf4 Ba5
45. Kg3 Be1+ 46. Kf3 Bb4 47. Bg3 Bc5 48. Kf4 Bd4 49. Kf3 Kd7 50. Be1 Kd6 51.
Bb4+ Ke5 52. c5 f5 53. exf5 Kxf5 54. c6 Be5 55. Ba5 Ke6 56. Bd8 Kd6 57. Ke4 Bh2
58. Kf5 Kxc6 59. Kg5 Bd6 60. Kxh5 Kb5 61. Kg4 Ka4 62. Kf5 Ka3 63. Ke4 Kxa2 {
1/2-1/2 Fuchs,R-Zinn,L/Gera 1962/EXT 2000}) 14. Bd3 Nf6 15. Qh4 h6 {
Naturalmente, no se podía jugar 15..,c5 debido a la amenaza en h7. La lucha
posterior se concentrará por el lado negro en efectuar las movidas liberadoras
c5 o bien e5. Y por parte del blanco, neutralizarlas mediante un fuerte
centralización de piezas para posteriormente pasar a la ofensiva en el flanco
rey. A esto hay que agregar la inconveniente ubicación de la dama negra, que
no tiene ubicación estable.} 16. Rad1 Qe7 (16... Rd7 $2 17. Ne5 $1) 17. Rfe1
Re8 18. Bc2 $14 Nd7 (18... c5 19. d5) 19. Qe4 (19. Qh3 $5) 19... Nf8 $6 ({
Había que jugar} 19... Nf6) 20. Qg4 $1 (20. c5 $5 bxc5 21. dxc5 Bxc5 22. Qg4 f6
$8 23. b4 (23. Nd4 Qf7 $13) (23. Nh4 Bxf2+ $1 24. Kxf2 Qc5+) 23... Bxb4 (23...
Bb6 24. Nh4) (23... Bd6 24. Nh4) 24. Bxf6 Qxf6 (24... Qc5 25. Re2 Ba6 26. Bd4)
25. Qxb4 c5 26. Qa5 Bxf3 27. Qxc7 Qg5 28. g3 Bxd1 29. Rxd1 Qe7 30. Qc6 $44)
20... f6 21. h4 {Con idea de continuar Ph5 seguido por Nh4-g6.} (21. Re3 Qf7
22. Rde1 c5 23. d5 Bc8 24. dxe6 Rxe6 25. Bf5 Rxe3 26. Rxe3 Bxf5 27. Qxf5 $11)
21... Qf7 22. h5 c5 23. d5 $6 {Una decisión precipitada.} ({Mejor era} 23. dxc5
$1 Bxc5 24. Nh4 $1 Rcc8 ({Inferior es} 24... Rd7 $6 25. Rxd7 Qxd7 26. Bxf6 Qf7
27. Bd4 Bxd4 28. Qxd4 Qxh5 29. Be4 $16) 25. Ng6 Rcd8 26. Nxf8 $1 (26. Rxd8 Rxd8
27. Nxf8 Rd2 $1 (27... Kxf8 $2 28. Bg6 Qd7 29. Qxe6 Qxe6 30. Rxe6 Rd1+ 31. Kh2
Bd6+ 32. Rxd6 Rxd6 33. Ba3 Ke7 34. Bf5 $18) 28. Bg6 Qxf8 29. Qxe6+ Kh8 30. Re2
Rd1+ 31. Re1 Rd2 $11) 26... Rxd1 27. Rxd1 Rxf8 28. Bc1 Kh8 29. Qg6 $1 Qxg6 30.
Bxg6 Bc6 31. Be3 $1 $16) 23... exd5 24. Rxe8 Qxe8 25. cxd5 Re7 (25... Bc8 $142
26. Bf5 Bxf5 27. Qxf5 Re7 $132 28. Bc3 Re2 29. Bd2 Qe4 30. Qxe4 Rxe4 31. Kf1
Kf7 32. g3 Nd7 33. Bc1 $11) 26. Bf5 $1 Qf7 27. Bc1 ({Contra} 27. Nh4 $6 {
el negro logra defenderse de forma sorprendente tras} Bxd5 28. Ng6 Re8 29. Nxf8
{y ahora} Qe7 $3 {/\Qe1 mate} (29... Rxf8 30. Rxd5 $1) (29... Bxf8 30. Bg6 $18)
(29... Kxf8 30. Bg6 Qe6 31. Qxe6 Rxe6 32. Bc3 $1 Bc6 33. Bf5 $18) 30. Bc3 Kxf8
$15) 27... Kh8 28. Nh4 Bxd5 ({Si} 28... Qxd5 $2 29. Be3 $1 Qe5 (29... Qc6 30.
Bf4 Bxf4 31. Ng6+ $18) 30. Bf4 $3 Qxf4 31. Qxf4 Bxf4 32. Ng6+ $1 $18) 29. Bg6
Qe6 $2 $138 (29... Qg8 $8 30. Bd3 (30. Nf5 Re4 $1 31. f4 Be5 $1) 30... Bc7 31.
Nf5 Re8 32. Be3 $44) 30. Qxe6 Rxe6 31. Bf7 $1 $18 Bc7 (31... Re4 32. Ng6+ Nxg6
33. Bxd5 $18) 32. Ng6+ Nxg6 33. hxg6 c4 34. Bxe6 Bxe6 35. Re1 Be5 36. f4 Bd4+
37. Kh2 Bg8 38. bxc4 b5 39. cxb5 Bxa2 40. Re8+ Bg8 41. Be3 1-0

[Event "Olympiad-36"]
[Site "Mallorca"]
[Date "2004.10.17"]
[Round "3"]
[White "Cifuentes Parada, Roberto"]
[Black "Kveinys, Aloyzas"]
[Result "1/2-1/2"]
[WhiteElo "2540"]
[BlackElo "2531"]
[Annotator "Cifuentes Parada,L"]
[PlyCount "74"]
[EventDate "2004.10.15"]
[EventType "team-swiss"]
[EventRounds "14"]
[EventCountry "ESP"]
[SourceTitle "CBM 104"]
[Source "ChessBase"]
[SourceDate "2005.01.27"]
[SourceVersion "1"]
[SourceVersionDate "2005.01.27"]
[SourceQuality "1"]
[WhiteTeam "Spain"]
[BlackTeam "Lithuania"]
[WhiteTeamCountry "ESP"]
[BlackTeamCountry "LTU"]

1. d4 Nf6 2. Nf3 d5 3. c4 e6 4. e3 Nbd7 5. Nc3 a6 6. c5 $1 c6 7. b4 (7. Bd3)
7... g6 8. Bb2 Bg7 9. Be2 O-O 10. O-O Re8 $6 (10... Qc7 $142 11. Na4 $1 Ne4 12.
Ne1 {/\Nd3-Pf3} e5 13. f3 (13. dxe5 {Bologan,V-Grischuk,A/Poikovsky 2004})
13... Ng5 $5 14. dxe5 Bxe5 15. Bxe5 Qxe5 16. Nc2 Qe7 17. Re1 f5 18. Bf1 Re8 19.
Qd2 h5 20. Nd4 h4 21. Qf2 Ne5 22. Nc3 a5 $1 23. b5 $1 (23. a3 axb4 24. axb4
Rxa1 25. Rxa1 h3 $1 26. gxh3 (26. Qg3 Nexf3+ 27. gxf3 Qxe3+ 28. Kh1 Qxd4 29.
Qxg5 Qxc3 30. Qxg6+ Kf8 31. Qh6+ Qg7) 26... Nd3 27. Qd2 Nxb4 28. Nd1 Qxc5 29.
Qg2 Qe7 30. h4 Nh7 31. Qxg6+ Kh8 32. Qh6 f4 33. Qxf4 c5 34. Nb3 Rf8 $17) 23...
Bd7 (23... Qxc5 $6 24. Rac1 Qe7 25. bxc6 bxc6 26. f4 Ne4 27. Nxe4 Ng4 28. Qd2
dxe4 29. Rxc6 $16) 24. Rac1 Rf8 25. Kh1 Nh7 $1 26. a4 $6 (26. Na4 $142) 26...
g5 $36 27. Qa2 Kh8 28. e4 $2 dxe4 29. fxe4 Qxc5 $1 30. Nxf5 Ng4 $1 31. Ne2 $8 (
31. Ne3 Rxf1+ 32. Rxf1 Qxe3) (31. h3 Nf2+ 32. Kh2 g4 $1 33. hxg4 Nxg4+ 34. Kh1
Nf2+ 35. Kh2 Qe5+ 36. Kg1 Ng4 37. g3 Ng5 38. gxh4 Nf3+ 39. Kh1 Rxf5 $19) 31...
Qe5 32. Qa1 Qxa1 (32... cxb5 $5 33. Rc7 Bxf5 34. exf5 Qxa1 35. Rxa1 b6) 33.
Rxa1 cxb5 $17 {Cruz Lima,J-Cifuentes Parada,R/Gros open 2004}) 11. Na4 Rb8 12.
Qc2 Qe7 13. Ne5 $6 (13. Rfe1 $1 {/\Ne5} e5 14. Nxe5 Nxe5 15. dxe5 Ng4 16. Bxg4
Bxg4 17. f4 $14) 13... Nxe5 14. dxe5 Nd7 15. f4 f6 16. exf6 Bxf6 17. e4 Bxb2
18. Nxb2 (18. Qxb2 $5 b6 (18... dxe4 19. a3 Qf6 20. Qd2 e5 21. Nc3) (18... a5
19. a3 axb4 20. axb4 b6) 19. cxb6 (19. Qc3 dxe4 20. cxb6 Nxb6 21. Nxb6 Qa7 22.
a3 Qxb6+ 23. Kh1) 19... Nxb6 20. Nc5 Nd7 21. Qc3 Nxc5 22. bxc5 dxe4 23. Qe5 Rb4
24. Rfb1 Qb7 25. Rxb4 Qxb4 26. Rd1 $13) 18... b6 19. Na4 bxc5 20. bxc5 Rb4 $1
$132 21. Bd3 Qg7 22. e5 (22. Kh1 Qd4 23. Rad1 $5 Rf8 (23... dxe4 24. Bxa6 $1) (
23... Rxa4 24. exd5 Rf8 25. dxe6 Nxc5 26. e7) 24. exd5 exd5 25. Bxg6 Qg7 26.
Bd3 Rbxf4 27. Rxf4 Rxf4 28. Nb6 Rf8 29. Nxc8 Rxc8 30. Bxa6 $14) 22... Rf8 23.
g3 Rxa4 $1 24. Qxa4 Nxc5 25. Qd4 Nxd3 26. Qxd3 Qa7+ 27. Rf2 $8 c5 $44 28. Rb1
c4 29. Qc3 Bd7 30. Kf1 Rc8 (30... Bb5 31. Rd2) 31. Rd2 Bb5 32. Rd4 Qf7 33. Kg2
Qf5 34. Rb2 (34. Rf1 Rb8 35. h3 h5) 34... h5 35. h4 Kg7 36. Rb4 (36. Re2 Qb1
37. Rdd2 Qf5 38. Re3) 36... Qg4 37. Rb2 Qf5 1/2-1/2

[Event "ESP-chT fin"]
[Site "Sanxenxo"]
[Date "2003.11.17"]
[Round "1.1"]
[White "Krasenkow, Michal"]
[Black "Cifuentes Parada, Roberto"]
[Result "0-1"]
[WhiteElo "2597"]
[BlackElo "2502"]
[Annotator "Cifuentes Parada,L"]
[PlyCount "118"]
[EventDate "2003.11.17"]
[EventType "team"]
[EventRounds "6"]
[EventCountry "ESP"]
[SourceTitle "CBM 097 Extra"]
[Source "ChessBase"]
[SourceDate "2004.01.13"]
[SourceVersion "1"]
[SourceVersionDate "2004.01.13"]
[SourceQuality "1"]

1. d4 d5 2. c4 c6 3. Nc3 Nf6 4. e3 e6 5. Nf3 a6 $5 {/\c5 M.Gurevich} 6. c5 (6.
Bd2 c5 7. cxd5 exd5 8. Be2 (8. Ne5) (8. Bd3 {Sokolov,I}) 8... Nc6 9. O-O Be6 (
9... Bd6 10. dxc5 Bxc5 11. Rc1 O-O 12. Na4 Bd6 13. Bc3 $14) 10. Rc1 Rc8 11.
dxc5 Bxc5 12. Na4 Ba7 13. Qb3 $6 Qe7 14. Nb6 Rb8 15. Ng5 O-O 16. Rfd1 h6 17.
Nxe6 fxe6 {'=/+' M.Gurevich} 18. Be1 Ne4 19. Bd3 Nd6 20. Bb1 Ne5 21. Nxd5 exd5
22. Rxd5 Kh8 23. Rcd1 Ndf7 24. Qc2 g6 25. Bc3 Kg8 26. Qe4 Rbe8 27. f4 Ng5 28.
fxg5 Bxe3+ 29. Kh1 Qf7 30. h3 Qf1+ 31. Rxf1 Rxf1+ 32. Kh2 Bg1+ 33. Kg3 Bf2+ 34.
Kh2 Bg1+ 35. Kg3 Bf2+ 36. Kh2 Bg1+ {1/2-1/2 Bischoff,K-Gurevich,M/Bundesliga
2002 (36)}) (6. b3 c5 7. Bb2 cxd4 8. exd4 b6 9. Be2 Bb7 10. O-O Nbd7 $13 {
Lautier,J-Gurevich,M/Wijk aan Zee 2002}) (6. Bd3 dxc4 7. Bxc4 b5 8. Bd3 c5 9.
O-O Bb7 10. dxc5 Bxc5 11. Qe2 Nc6) (6. Qc2 c5 $1 7. dxc5 Bxc5 8. a3 O-O (8...
dxc4 $5 9. Bxc4 b5 10. Bd3 (10. Nxb5 $2 axb5 11. Bxb5+ Bd7 $1) 10... Nbd7 11.
b4 $1 (11. O-O Bb7 12. e4 Qc7 $1 13. Bg5 Ne5 14. Rac1 $2 Nfg4 $1 $19 {Rustemov,
A-Vera,R/Spain (tt) 2002}) 11... Be7 12. Bb2 Bb7 13. e4 Rc8 14. O-O Nb6 15.
Rfd1 Qc7 16. Rac1 $14) 9. b4 Be7 10. Bb2 dxc4 11. Bxc4 Nbd7 12. O-O b5 13. Ba2
Bb7 14. Rfd1 Bxf3 $1 $11 15. gxf3 Rc8 16. Qe2 Qc7 17. Rac1 Qb8 18. f4 (18. Ne4
Rxc1 19. Rxc1 Nxe4 20. fxe4 Bf6) (18. Nb1 {/\Nd2-b3-d4} Bd6 $1 19. f4 e5 $11)
18... Nb6 19. Nb1 Nfd7 20. Nd2 Na4 21. Nb3 (21. Ba1 $2 Bf6) 21... Rxc1 22. Rxc1
Rc8 23. Bd4 Rxc1+ (23... Bf6) 24. Nxc1 Qc8 25. Nd3 Bf6 26. Bxf6 Nxf6 27. Bb3 (
27. f5 exf5 28. Ne5 Qc3) 27... Nb6 28. Nc5 Nbd7 29. Nxd7 Qxd7 30. Qd1 Qe7 31.
Qf3 g6 $1 32. Qc6 (32. Qa8+ Kg7 33. Qxa6 $2 Qd7 34. Bc2 Qd2 35. Qc6 Ng4 36. Qf3
Qxc2 37. Qxg4 Qc1+ 38. Kg2 Qxa3 39. f5 Qa8+ 40. Kg1 exf5 $15) 32... Kg7 33. Kg2
(33. Bd1 e5 $1 $132) 33... Qd8 34. Qc3 Kg8 35. f3 Nd7 36. Bc2 Nf6 37. Bb3 Nh5
38. a4 bxa4 39. Bxa4 Nf6 40. Bc6 Nh5 41. Bb7 Qb6 42. Qc8+ Kg7 43. Qc3+ {
1/2-1/2 Cifuentes Parada,R-Gurevich,M/Spain (tt) 2002}) 6... Nbd7 7. b4 g6 $1 (
7... a5 $2 8. b5 $1 e5 9. Qa4 $1 Qc7 10. Ba3 e4 11. Nd2 Be7 12. b6 $1 (12. Be2
h5 13. b6 Qd8 14. h3 Nf8 15. O-O-O Ne6 16. Ndxe4 Nxe4 17. Nxe4 h4 18. Nd2 O-O
19. Rhg1 Re8 20. Bd3 Bf8 21. Bb2 Ng5 22. Qc2 a4 23. a3 Qe7 24. Rde1 Ne4 25. Nf1
Qg5 26. f3 Nf6 {Reshevsky,S-Keres,P/NLD/URS 1948/MainBase/0-1 (63)}) 12... Qd8
13. h3 O-O 14. Nb3 $16 {Kasparov,G-X3D Fritz/Man vs. Machine (3) 2003}) 8. Bd3
(8. Bb2) 8... Bg7 9. e4 $146 (9. O-O O-O 10. Bb2 (10. Ne5 $2 Nxe5 11. dxe5 Ne4
$1) 10... e5 $1 11. dxe5 Ng4 12. Na4 Ngxe5 13. Nxe5 Nxe5 14. Nb6 Rb8 15. Nxc8
Rxc8 16. Bd4 f5 $11) 9... dxe4 10. Nxe4 Nxe4 11. Bxe4 O-O 12. Bf4 (12. O-O $143
a5 $5 (12... e5 $5) 13. Bg5 Bf6 14. Bxf6 (14. Bh6 Re8 15. a3 axb4 16. axb4 Rxa1
17. Qxa1 e5 18. d5 cxd5 19. Bxd5 e4) 14... Nxf6 15. Qe2 axb4 16. Rfb1 e5 $1) (
12. Bg5 f6 13. Bf4 g5 (13... e5) 14. Bd6 g4 15. Bxf8 Nxf8 16. Ng1 f5 17. Bc2
Qd5 $1 (17... Qxd4 18. Qxd4 Bxd4 19. Rb1 Bc3+ 20. Kd1 a5 21. a3 axb4 22. axb4
Bd4 23. f3 e5 24. Ne2 Be3 25. Ng3 f4 26. Ne4) 18. f3 (18. Kf1 Qxd4 19. Qxd4
Bxd4 20. Rd1 Bc3 21. a3 a5 22. Ne2 axb4 23. Nxc3 bxc3 24. a4 Nd7 $15) 18...
Bxd4 19. Rb1 Bc3+ 20. Kf1 a5 $1 21. Qxd5 exd5 22. a3 axb4 23. axb4 Ra2 $44)
12... a5 (12... e5 $5 13. dxe5 (13. Nxe5 Nxe5 14. dxe5 Qh4 15. Qf3 Bxe5 16.
Bxe5 Re8 17. g3 Qg5 18. Bf4 Qd5 19. O-O Qxe4 20. Qc3 Qf5 21. Rae1 Rxe1 22. Rxe1
Be6 $11) 13... Re8 14. O-O (14. Bg5 Qc7 15. O-O Nxe5) 14... Nxe5 15. Bxe5 Qxd1
16. Raxd1 Bxe5 17. Nxe5 Rxe5 18. Rd8+ Kg7 19. Bf3 a5 20. a3 axb4 21. axb4 Re7
$1 22. Rfd1 Rc7 $1 23. h4 Ra4 24. R1d4 h5 $11) 13. Bd6 axb4 14. Bxf8 $2 (14.
Ne5 $142 Re8 15. O-O (15. Qf3 f6 16. Nc4 f5 17. Bc2 Bxd4) 15... Nf6 16. Bf3 (
16. Qf3 Nxe4 17. Qxe4 f6 18. Nc4 e5 19. Nb6 (19. dxe5 Bf5 20. Qe3 fxe5) 19...
exd4 20. Qxd4 f5 21. Qxb4 Re4 22. Qd2 Bxa1 23. Nxa8 Bd4 24. Nb6 Be6 $17) 16...
Nd5 17. Qb3 $44) 14... Qxf8 15. O-O (15. Qb3 $2 Nxc5 $1) 15... e5 $1 16. dxe5
Nxe5 17. Rc1 Nxf3+ 18. Qxf3 Be6 19. Bb1 Bd4 20. Qf4 Bxc5 $17 21. Qc7 Qe7 22.
Qxe7 Bxe7 23. Rfe1 Bf6 24. Re2 Kf8 25. h3 Bc3 26. Rd1 Bc4 27. Re3 Bd5 28. h4 h5
29. g3 Bf6 30. Rd2 Ra5 31. Kh2 Bc3 32. Rd1 Bxa2 33. Rd8+ Kg7 34. Bxa2 Rxa2 35.
Kg2 Bf6 36. Rd7 b5 37. Rc7 Rc2 38. Rd3 Be5 39. Rb7 Kf6 40. Rf3+ Ke6 41. Kf1 f6
$6 (41... Bc3 $142 $1 42. Re3+ Kd6 43. Rd3+ Kc5 44. Rd1 b3 $19) 42. Rd3 Rc3 $1
43. Ke2 b3 44. Rxc3 Bxc3 45. Kd1 (45. Kd3 Be1 46. Rc7 Kd6 47. Rf7 c5 48. Rxf6+
Kd5 $19) 45... Bd4 46. f3 Kd5 $1 47. g4 Kc4 48. Kc1 c5 $19 49. gxh5 gxh5 50.
Rh7 Kd3 51. Rxh5 b2+ 52. Kb1 c4 $1 53. Rh8 (53. Rxb5 c3 54. Rb3 Kd2) 53... c3
54. Rc8 b4 55. h5 b3 56. Rxc3+ Kxc3 57. h6 f5 58. h7 Bh8 59. f4 Kd4 $1 0-1

[Event "Linares Anibal op 03rd"]
[Site "Linares"]
[Date "1996.??.??"]
[Round "?"]
[White "Cifuentes Parada, Roberto"]
[Black "Kadimova, Ilaha"]
[Result "1-0"]
[WhiteElo "2490"]
[BlackElo "2325"]
[Annotator "Cifuentes Parada,L"]
[PlyCount "69"]
[EventDate "1996.01.??"]
[EventType "swiss"]
[EventRounds "10"]
[EventCountry "ESP"]
[SourceTitle "CBM 051"]
[Source "ChessBase"]
[SourceDate "1996.04.01"]
[SourceVersion "1"]
[SourceVersionDate "1996.04.01"]
[SourceQuality "1"]

1. c4 c6 2. Nf3 d5 3. e3 Nf6 4. Nc3 e6 5. d4 Nbd7 6. Qc2 Bd6 7. Be2 O-O 8. O-O
Re8 9. Rd1 Qe7 10. a3 (10. c5 $5 Bc7 11. e4 Nxe4 12. Nxe4 dxe4 13. Qxe4 e5 14.
Bg5 Qf8 15. Bd3 g6 16. Re1 h6 17. Bc4 $1 Kg7 (17... hxg5 18. Qxg6+ Kh8 19. Bxf7
Re7 20. Nxg5 $18) 18. Bd2 Nf6 19. Qh4 Ng8 20. Qg3 Ne7 21. Nxe5 Nf5 22. Nxg6
Rxe1+ 23. Rxe1 Qd8 24. Qc3 Kxg6 25. g4 $1 Qh4 $1 (25... Nxd4 26. Qe3 $1) 26.
Qf3 Qxh2+ 27. Kf1 Ng3+ 28. fxg3 Qh3+ 29. Kg1 Qxg3+ 30. Qxg3 Bxg3 31. Re8 Rb8
32. Rg8+ Kh7 33. Bxf7 Bd7 34. Rxb8 (34. Rg6 $1 Rf8 35. Rxh6+ Kg7 36. Rh3 $1 $16
) 34... Bxb8 35. Bh5 Be6 36. a3 Bc7 37. Kf2 $14 {Legky-Yagupov, Orel 1994})
10... b6 11. e4 dxe4 12. Nxe4 Nxe4 13. Qxe4 Bb7 14. Bg5 (14. Bf4 Bxf4 15. Qxf4
e5 $1 (15... c5 16. Qc7 Rab8 17. Ne5 Nxe5 18. Qxe7 Nf3+ 19. gxf3 Rxe7 20. dxc5
bxc5 21. b4 Kf8 22. Rd2 Rc7 $14 {Dohoian-Bangiev, BL 1992}) 16. dxe5 Nxe5 17.
Nxe5 Qxe5 18. Qxe5 Rxe5 19. Bf3 Rae8 $10) 14... Nf6 (14... Qf8 $6 15. Ne5 $1
$16) 15. Qh4 h6 16. Bf4 Bxf4 $6 (16... c5 $1 17. dxc5 (17. Bxd6 Qxd6 18. Qg3 (
18. dxc5 Qxc5 19. b4 Qc7 $10) 18... Qxg3 19. hxg3 cxd4 20. Nxd4 a6 $10) 17...
Bxf4 18. Qxf4 e5 $1 19. Qe3 Ng4 20. Qc3 Qxc5 21. Qe1 Rad8 22. b4 Qc6 $10) 17.
Qxf4 c5 18. Ne5 $14 Rac8 $6 (18... Rad8 19. dxc5 bxc5 (19... Qxc5 20. Bh5 $1
$16) 20. Qe3 $14) 19. dxc5 Rxc5 20. b4 Rcc8 21. Rd4 Red8 22. Rad1 Rxd4 23. Qxd4
$16 Kf8 24. f3 Ke8 25. Rd2 Qc7 26. Bd1 $1 Ke7 27. Ba4 Ra8 28. Qf4 $1 Rc8 29. h4
$1 (29. Bd7 g5 $1) 29... Qb8 30. g4 Bxf3 31. g5 $18 hxg5 32. hxg5 b5 (32... Rg8
33. Ng6+ fxg6 34. gxf6+ $18) 33. gxf6+ gxf6 34. Rd7+ Ke8 35. Qxf6 1-0

[Event "Bundesliga 0203"]
[Site "Germany"]
[Date "2002.10.20"]
[Round "2.3"]
[White "Dautov, Rustem"]
[Black "Johannessen, Leif Erlend"]
[Result "1-0"]
[WhiteElo "2617"]
[BlackElo "2534"]
[Annotator "Dautov,R"]
[PlyCount "75"]
[EventDate "2002.10.19"]
[EventType "team-tourn"]
[EventRounds "15"]
[EventCountry "GER"]
[SourceTitle "CBM 093"]
[Source "ChessBase"]
[SourceDate "2003.04.01"]
[SourceVersion "1"]
[SourceVersionDate "2003.04.01"]
[SourceQuality "1"]
[WhiteTeam "Baden Oos"]
[BlackTeam "Wattenscheid"]
[WhiteTeamCountry "GER"]
[BlackTeamCountry "GER"]

1. d4 d5 2. c4 e6 3. Nc3 c6 4. e3 Nf6 5. Nf3 Nbd7 6. Qc2 Bd6 7. b3 O-O 8. Bb2
b6 {Das Fiancchetto sieht sehr natürlich aus, aber in der Praxis strebt
Schwarz meistens nach 8...Qe7 und 9...e5 eine Isolani-Stellung an.} (8... Qe7
9. Bd3 e5 10. cxd5 cxd5 11. dxe5 Nxe5 12. Nxe5 Bxe5 13. Ne2 $14) 9. Bd3 Bb7 10.
O-O Qe7 (10... c5 11. cxd5 exd5 12. Rfd1 Qe7 13. Rac1 $14) 11. Rfe1 {Die
"Röntgen"-Wirkung des Turmes verstärkt die geplante Linienöffnung e3-e4.} Rac8
{Natürlicher sieht 11...Rd8 aus, aber Schwarz hat das Gegenspiel auf dem
Damenflügel im Sinn.} (11... Rad8 12. e4 dxe4 13. Nxe4 Nxe4 14. Rxe4 Ba3 15.
Bc3 h6 16. Qd2 c5 17. d5 Bb4 18. d6 Qxd6 19. Qxh6 Bxc3 20. Qh8+ {1/2-1/2 Soppe,
G-Sorokin,M/Buenos Aires 1994/CBM 42 (20)}) (11... c5 $2 12. cxd5 exd5 13. e4
$1 dxe4 14. Nxe4 Nxe4 15. Bxe4 Bxe4 16. Rxe4 $16) 12. e4 dxc4 13. Bxc4 ({
Falsch wäre} 13. bxc4 $2 e5 $11 {, und Schwarz wird bald die Kontrolle über
das schöne Feld c5 übernehmen.}) 13... e5 14. Ne2 {Eine typische Idee - der
Bb2 wird aktiviert. Außerdem liebäugelt der weiße Springer mit dem Traumfeld
f5.} b5 15. Bd3 c5 $1 ({Für Prophylaxe wie 15...a6 hat Schwarz keine Zeit:} 
15... a6 $2 16. dxe5 Nxe5 17. Nxe5 Bxe5 18. Bxe5 Qxe5 19. f4 Qh5 20. Ng3 $16)
16. dxe5 Nxe5 17. Nxe5 Bxe5 18. Bxe5 Qxe5 19. Bxb5 {Erzwungen, da sich das
weiße Spiel nach 19.f4 deutlich langsamer entwickelt als das gegnerische
Gegenspiel.} (19. f4 $2 Qd6 $1 {/\c4} 20. e5 Qd5 21. Nc3 Qd4+ 22. Kh1 Ng4 $17)
19... Bxe4 ({Nach dem Damentausch müßte Schwarz hart ums Remis kämpfen:} 19...
Qxe4 20. Qxe4 Nxe4 21. Rac1 $1 (21. Ng3 Nd6 (21... Nxg3 22. hxg3 Rc7 23. Rad1
$14) 22. Re7 Rfd8 (22... Bxg2 $2 23. Bd7 Rc7 24. Kxg2 Nc8 25. Bxc8 Rxe7 26. Ba6
$16) 23. Rae1 Kf8 $11) 21... Rfd8 (21... Nd6 22. Bd3 $14) 22. Nc3 Nxc3 (22...
Nd6 23. Bf1 $14) 23. Rxc3 Kf8 24. h4 f6 25. Rec1 Rd2 26. a3 $14) 20. Qc3 Qb8
21. Bc4 Rfd8 22. Ng3 Bg6 {Weiß bekam nach der Eröffnung einen kleinen, aber
langfristigen Vorteil: der schwarze Bauer c5 ist schwach und der Bc4 steht
hervorragend.} 23. Rad1 $1 {Ich kam zum Schluß, daß die d-Linie wichtiger ist
als die e-Linie und verzichtete deswegen auf das naheliegende 23.Re7.} (23. Re7
Rc7 24. Rxc7 Qxc7 25. Re1 h5 $132) 23... Rxd1 (23... Qb4 24. Qf3 (24. Qc1 $14)
24... Qa5 25. Nf5 Bxf5 26. Qxf5 $14) 24. Rxd1 Rd8 $2 {Der Abtausch aller Türme
ist grundsätzlich falsch, da Weiß leichter an die Schwäche c5 herankommt. In
der gegenwärtigen Version ist der Tausch sogar besonders ungünstig, weil die
weiße Dame enorm aktiv wird. Richtig war 24...Re8.} (24... Re8 25. h3 Qb4 26.
Qf3 $14 (26. Qd2 $14)) 25. Rxd8+ Qxd8 26. Qe5 $16 Qd1+ {Verliert einen Bauern,
aber das passive 26...Qb6 war kaum besser.} (26... Qb6 27. Qe7 a5 28. f4 $18)
27. Nf1 Nd7 28. Qc7 h5 29. Qxa7 Kh7 30. Qc7 Qd4 31. Qd8 $1 $18 {Die Fesslung
wird früher oder später zum Damentausch führen.} h4 32. h3 Ne5 33. Qxd4 cxd4
34. Nd2 Nxc4 35. Nxc4 Bb1 36. a4 Bc2 37. Nd2 Kg6 38. a5 1-0